000 01255njm a22003257a 4500
005 20100914112445.0
006 a|||||r|||||00| 0
007 sd ammalaaahaa
008 100910t xxu||||| |||| 00| 0 hin d
028 _a7EPE. 7002
_bHis Master's Voice
035 _aGR-02295
040 _aSED/VEN
100 _91184
_aKishore Kumar
245 _aAap ki kasam part. 1 & 2 /
_cby Kishor Kumar & Lata Mangeskar ; music R. D. Burman ; lyric Anand Bakshi
246 _aआप की कसम (किशोर कुमार)
260 _aDum Dum, India
_bHis Master's Voice
_cn. d.
300 _a1 sound disc : [Gramophone Record]
_banalog, 45 rpm
_c7 in.
_fGramophone Records
500 _aBrief record.
500 _aHis Master's Voice
500 _aOrange
500 _aExtended Play
505 _aKarvten badalte rahe, Jai jai shiv shankar (करवटें बदलते रहे) (जय जय शिव शंकर)
650 _xExcerpts
_zIndia
_919370
_aClassical Music
_vFilmi song
700 _919371
_aMangeskar, Lata
700 _aBurman, R. D.
_919937
700 _919372
_aBakshi, Anand
700 _919676
942 _2ddc
_cGR
999 _c45634
_d45634